Lands and Stans Quiz Stats

 Plays Quiz Updated Jul 2, 2018

Score 0/17 Timer 03:00
1 Play Today
Country % Correct
Pakistan
87.9%
Afghanistan
83.6%
Uzbekistan
77.5%
Iceland
77.1%
Kazakhstan
73.6%
Turkmenistan
72.2%
Ireland
65.6%
Finland
62.5%
Tajikistan
62.4%
Country % Correct
Kyrgyzstan
57.4%
New Zealand
50.8%
Poland
50.3%
Thailand
42.4%
Switzerland
41.8%
Netherlands
37.5%
Marshall Islands
22.9%
Solomon Islands
22%

You're not logged in!

Compare scores with friends on all Sporcle quizzes.
OR
Log In

Sporcle TV

Today on Sporcle TV


Watch our educational content, quiz creation guides, and fun videos on Sporcle TV.

Show Comments

Extras

Top Quizzes Today


Score Distribution

Your Account Isn't Verified!

In order to create a playlist on Sporcle, you need to verify the email address you used during registration. Go to your Sporcle Settings to finish the process.

Report this User

Report this user for behavior that violates our Community Guidelines.

Details: